000 01387nam a22002777i 4500
003 DO-SdBNP
005 20250228152924.0
007 ta
008 240412b2023 dr ||||| |||| 00| p spa d
020 _a9789945637328
040 _aDO-SdBNP
_bspa
_cBNPHU
_erda
082 4 _222
100 1 _aCastillo, Efraím,
_d1940-
_928022
245 1 0 _aCanto a Hiroshima y otros poemas /
_cEfraím Castillo.
250 _aPrimera edición
264 1 _aSan Juan, Puerto Rico :
_b Editorial Isla Negra,
_c2023.
300 _a 75 páginas ;
_c22 cm.
336 _2rdacontent
_atexto
_btxt
337 _2rdamedia
_asin mediación
_bn
338 _2rdacarrier
_avolumen
_bnc
490 0 _aColección Filo de juego
500 _aIncluye datos biográficos del autor en la solapa de la cubierta.
505 0 _aA modo de epígrafe -- Canto a Hiroshima -- Nantucket: paraíso de arena bajo el sol -- Demonio de fuego sobre Bagdad -- Faroles de fuego -- ¿Dónde está el asidero? -- Toda medida -- Está aquí -- Trampa para un sol cambiante -- ¿Cuál es la medida? -- Alegorías -- Estos lazos -- Humos -- No preguntes -- Aislamiento -- Ataduras -- Esta mirada -- La mañana -- Pesadilla -- Hijo del bolero -- ¿Seré yo o el otro? -- Renuevos -- Soy un hikikomori -- Para Emita -- Dejaré vagar el sueño -- Subir y bajar. Bajar y subir
590 _aInventariado, 2024 /LP
942 _2ddc
_cLBS1
999 _c56372
_d56372